| Tag |
First Indicator |
Second Indicator |
Subfields |
| LEADER |
00000cam a2200000 i 4500 |
| 001 |
in00004643164 |
| 008 |
850729s1723 enkaf 000 0 eng d |
| 005 |
20230119235547.2 |
| 035 |
|
|
|a (OCoLC)ocm12320512
|
| 035 |
|
|
|a (OCoLC)ocm12320512
|
| 040 |
|
|
|a SNC
|b eng
|e rda
|c SNC
|d OCL
|d OCLCG
|d OCLCQ
|d OCLCA
|d OCLCF
|d OCLCQ
|d OCLCO
|d OCLCQ
|d TXA
|
| 035 |
|
|
|a (OCoLC)12320512
|
| 041 |
1 |
|
|a eng
|h fre
|
| 050 |
|
4 |
|a BC262
|b .N513 1723
|
| 082 |
0 |
4 |
|a 160
|b A745
|
| 100 |
1 |
|
|a Nicole, Pierre,
|d 1625-1695,
|e author.
|
| 240 |
1 |
0 |
|a Logique; ou, L'art de penser.
|l English
|
| 245 |
1 |
0 |
|a Logic : or, The art of thinking :
|b containing (besides the common rules) many new observations that are of great use in forming an exactness of judgment : in four parts ... /
|c Done from the new French edition by Mr. Ozell.
|
| 264 |
|
1 |
|a London :
|b Printed for William Taylor, at the Ship and Black-Swan, in Pater-Noster-Row,
|c MDCCXXIII. [1723]
|
| 300 |
|
|
|a 12 unnumbered pages, 215, 240-440 pages, 4 unnumbered pages, 1 unnumbered leaf of plates :
|b illustrations (frontispiece) ;
|c 17 cm (12mo)
|
| 336 |
|
|
|a text
|b txt
|2 rdacontent
|
| 337 |
|
|
|a unmediated
|b n
|2 rdamedia
|
| 338 |
|
|
|a volume
|b nc
|2 rdacarrier
|
| 340 |
|
|
|m 12mo
|2 rdabf
|
| 500 |
|
|
|a Translation of: La logique; ou, L'art de penser.
|
| 500 |
|
|
|a The author is identified in the dedication as Pierre Nicole, with Antoine Arnauld as reviser.
|
| 500 |
|
|
|a Pages 216-239 omitted in pagination
|
| 500 |
|
|
|a WIth two final advertisement leaves.
|
| 500 |
|
|
|a Signatures: A⁶ B-T¹² U⁶ (A4 missigned U4).
|
| 500 |
|
|
|a The Cushing Library/Rare Books copy was acquired as part of the Lois Goddard Morrison Collection of Eighteenth Century Literature.
|5 TXA
|
| 510 |
4 |
|
|a English short title catalogue,
|c T66328
|
| 650 |
|
0 |
|a Logic
|v Early works to 1800.
|
| 650 |
|
7 |
|a Logic.
|2 fast
|0 (OCoLC)fst01002014
|
| 700 |
1 |
|
|a Ozell, John,
|d -1743,
|e translator.
|
| 700 |
1 |
|
|a Arnauld, Antoine,
|d 1612-1694,
|e editor.
|
| 700 |
1 |
|
|a Taylor, William,
|d -1723,
|e bookseller.
|
| 994 |
|
|
|a Z0
|b TXA
|
| 948 |
|
|
|h HELD BY TXA - 2 OTHER HOLDINGS
|
| 999 |
f |
f |
|s 114bbcb5-a6a5-486e-b44a-102acb214180
|i 267362a8-d9e6-4299-b755-652c8799a5e5
|t 0
|
| 952 |
f |
f |
|p noncirc
|a Texas A&M University
|b College Station
|c Cushing Memorial Library & Archives
|d Cushing: Rare Books (Does not check out)
|t 0
|e BC262 N513 1723
|h Library of Congress classification
|i unmediated -- volume
|m A1485294816F
|
| 998 |
f |
f |
|a BC262 N513 1723
|t 0
|l Cushing: Rare Books (Does not check out)
|